İstanbul sözleşmesi çerçevesinde 6284 sayılı yasanın değerlendirilmesi çalıştayı sonuç kitapçığı (Record no. 10611)

MARC details
000 -BAŞLIK
Sabit Uzunlukta Kontrol Alanı 00951na a2200253 4500
001 - KONTROL NUMARASI
Denetim Alanı 24046
003 - KONTROL NUMARASI IDENTIFIER
Denetim Alanı MIRAKIL
005 - SON İŞLEM TARİHİ VE ZAMANI
Denetim Alanı 20181213155327.0
008 - SABİT-BOY VERİ ELEMANLARI - GENEL BİLGİLER
Sabit Uzunlukta Kontrol Alanı 180302b tu 000 0
040 ## - KATALOGLAMA KAYNAK
Orijinal Kataloglama Ajansı Milas
Kataloglama Dili tur
Metne Dönüştürmek Ajansı TR-AnCHP
041 ## - DİL KODU
Metin / Ses Parça Veya Ayrı Başlığın Dil Kodu tur
082 ## - DEWEY ONLU SINIFLANDIRMA NUMARASI
Sınıflandırma Numarası 305.4
Ürün Numarası İ77 2016
090 ## - SINIFLAMA NUMARASI
Sınıflama Numarası 305.4 İ77 2016
111 ## - ANA GİRİŞ - TOPLANTI ADI
Giriş Elemanı Olarak Toplantı Adı Veya Yargı Alanı Adı İstanbul sözleşmesi çerçevesinde 6284 sayılı yasanın değerlendirilmesi çalıştayı
Toplantının Yeri Ankara
Toplantı Veya Antlaşma İmzalandığı Tarihi Haziran 2016
245 ## - BAŞLIK TABLOSU
Başlık İstanbul sözleşmesi çerçevesinde 6284 sayılı yasanın değerlendirilmesi çalıştayı sonuç kitapçığı
Sorumluluk Tablosu, Vb yayına hazırlayanlar Pınar Çetinkaya, Aslı Cihan
260 ## - YAYIN, DAĞITIM, VB
Yayın, Dağıtım, Vb Yeri Ankara
Yayıncı, Dağıtıcı, Vs Adı Karınca Yayınları
Yayın, Dağıtım, Vb Tarihi 2016
300 ## - FİZİKSEL TANIM
Kapsam 80 s.
Diğer Fiziksel Ayrıntıları tbl.
Boyutlar 30 sm.
650 ## - KONU KATMA GİRİŞ - TOPİKAL DÖNEM
Topikal Süreli Veya Coğrafi Ad Giriş Elemanı Kadına şiddet
Genel Alt Bölümü Türkiye
650 ## - KONU KATMA GİRİŞ - TOPİKAL DÖNEM
Topikal Süreli Veya Coğrafi Ad Giriş Elemanı Hukuk ve mevzuat
Genel Alt Bölümü Kadın hakları
Coğrafi Alt Bölümü Türkiye
650 ## - KONU KATMA GİRİŞ - TOPİKAL DÖNEM
Topikal Süreli Veya Coğrafi Ad Giriş Elemanı Kadınlar
Genel Alt Bölümü Türkiye
700 ## - KATMA GİRİŞ - KİŞİSEL İSİM
Kişisel Ad Cihan, Aslı
Relator Terim yay. haz.
700 ## - KATMA GİRİŞ - KİŞİSEL İSİM
Kişisel Ad Çetinkaya, Pınar
Relator Terim yay. haz.
942 ## - EKLENDİ GİRİŞ ELEMANLARI (KOHA)
Sınıflandırma Veya Raf Düzeni Kaynak Dewey Decimal Classification
Koha Öğesi Türü Books
999 ## - SİSTEM KONTROL NUMARALARI (KOHA)
Koha Biblionumber 10611
Koha Biblioitemnumber 10611
Holdings
Kalıcı Konum Mevcut Konum Edinme Tarihi Edinim Kaynak Toplam Check-Out'Lar Tam Çağrı Numarası Barkod Tarih Son Görülme İtibaren Geçerli Fiyatlar Koha Öğesi Türü
CHP Kütüphanesi CHP Kütüphanesi 03/02/2018 Bağış   305.4 İ77 2016 018069 03/02/2018 03/02/2018 Books